000 00739nam a2200289Ia 4500
005 20260324144416.0
008 008 260324s9999 xx 000 0 eng d
020 _a9780203713907
037 _aEBOOK
040 _aCRL
040 _beng
040 _cCRL
041 _2eng
041 _aeng
084 _qCRL
100 _aW.W. Bartley, III; Karl Popper
_91219214
245 4 _aThe Open Universe
245 3 _bAn Argument for Indeterminism From the Postscript to The Logic of Scientific Discovery
260 _bTaylor and Francis
260 _c1988
365 _a
365 _b230
856 _uhttp://www.taylorfrancis.com/books/9780203713907
942 _cEBOOK
999 _c1825794
_d1825794